000
00276nam a2200109 a 4500
005
20200930073652.0
008
111004s2008 000 spa d
020
_a
9784863370180
245
0
_a
Degema-english dictionary with english index.
260
_c
2008.
999
_c
33868
_d
33868
040
_a
DO-SdBNP